| 000 | 00905cam a2200145ua 4500 | ||
|---|---|---|---|
| 041 |
_amal _h |
||
| 082 |
_a039.94812 _bSAH/VI |
||
| 110 | 1 |
_aSahithya pravarthaka c.s ltd . _b _c(Kottayam ) |
|
| 245 |
_aViswavijanakosham vol-1 / _cSahithya pravarthaka c.s ltd. _hTextual Documents |
||
| 260 |
_aKottayam : _bSahitya Pravarthaka Co-operative Society , _c1971. |
||
| 300 | _a1000 ; . | ||
| 504 | _a | ||
| 942 | _cBK | ||
| 999 |
_c4322 _d4322 |
||